00598 a2200205 4500020001800000041000800018082001800026100002500044245002200069260005400091300001000145518001500155650003300170650001700203650001200220653002300232942001300255999001700268952010700285 a0-207-15838-X aEng a899.63bP224b aParker, David911973 aBuilding on sand. aNorth Ryde:bAngus and Robertson Publishersc1988 a263p. a2011/01/19 aAustralian literature911974 aNovel911311 aFiction aEnglish literature 2ddccGEN c55137d55133 00102ddc4070aTUCLbTUCLd2011-01-19l0o899.63 P224bpG36720r2011-01-19 00:00:00w2011-01-19yGEN